MARC

LEADER 00000nam0a2200000 4500
001 34081
005 20231030223601.0
035 |a (RuTPU)RU\TPU\book\34458 
035 |a BOOK00001109 
090 |a 34081 
100 |a 20011210d1968 km y0rusy50 ca 
101 0 |a rus 
102 |a RU 
105 |a y z 000zy 
200 1 |a Энергетические основы трансформации тепла и процессов охлаждения  |f Е. Я. Соколов, В. М. Бродянский 
205 |a 2-е изд., перераб. 
210 |a Москва  |c Энергоиздат  |d 1968 
215 |a 336 с. 
610 1 |a холодильные установки 
610 1 |a холод 
610 1 |a трансформаторы тепла 
610 1 |a газовые трансформаторы 
610 1 |a струйные трансформаторы 
610 1 |a ожижение 
610 1 |a газовые смеси 
675 |a 621.57  |v 3 
700 1 |a Соколов  |b Е. Я.  |g Ефим Яковлевич 
701 1 |a Бродянский  |b В. М.  |g Виктор Михайлович 
801 0 |a RU  |b 63413507  |c 20011210  |g PSBO 
801 2 |a RU  |b 63413507  |c 20220114  |g PSBO 
900 |a Установки для трансформации тепла и процессов охлаждения 
942 |c BK